• 首页
  • 本馆介绍
  • 公告通知
  • 最新文献
  • 馆藏检索
  • 电子资源
  • 读者导购
  • 参考咨询
  • 我的图书馆
  • 登录
  • 详细信息显示
  • 放入我的书架
  • 预约/预借图书
  • 作者相关作品
  • 分类相关作品
  • 丛书相关作品
  • 出版社相关作品

书目信息

  • 表格格式
  • 工作单格式
  • 卡片格式
题名:
城市立体化发展与轨道交通
    
 
作者: 刘皆谊 著
分册:  
出版信息: 南京   东南大学出版社  2012.01
页数: 195页
开本: 24cm
丛书名: 当代城市设计理论与实践丛书
单 册:
中图分类: U239.5
科图分类:
主题词: 城市铁路--轨道交通--研究 , 城市铁路 , 轨道交通
电子资源:
ISBN: 978-7-5641-3007-7
000 01296oam2 2200301 450
001 010010091971
005 20130427085442.20
010    @a978-7-5641-3007-7@dCNY39.00
100    @a20120306d2012 em y0chiy0110 ea
101 0  @achi
102    @aCN@b320000
105    @aa z 000yy
106    @ar
200 1  @a城市立体化发展与轨道交通@9cheng shi li ti hua fa zhan yu gui dao jiao tong@f刘皆谊著
210    @a南京@c东南大学出版社@d2012.01
215    @a195页@c图@d24cm
225 2  @a当代城市设计理论与实践丛书@v4
300    @a城市世纪文库
300    @a江苏省住房与城乡建设厅科技资助项目
330    @a本书共分为3部分。第1部分针对公共空间立体化,以及结合轨道交通开发的趋势进行探讨。第2部分探讨以轨道站为核心的立体化公共空间体系如何于城市中建立、如何建构与运作,如何通过轨道站开发与城市空间形成联系及讨论体系建构与运作。第3部分着重探讨体系与城市空间的关系,包括体系与城市空间布局形成关联性、体系整合城市要素的分析等方面,并以此总结出我国城市建立城市立体化发展与轨道交通时的发展方向。
461  0 @12001 @a当代城市设计理论与实践丛书@1035 @a(A100000NLC)004290198
606 0  @a城市铁路@x轨道交通@x研究
606 0  @a城市铁路
606 0  @a轨道交通
690    @aU239.5@v5
701  0 @a刘皆谊@9liu jie yi@f(1973~)@4著
801  0 @aCN@bNLC@c20120515
905    @b542006-10@dU239.5@e213@f5
    
    城市立体化发展与轨道交通/刘皆谊著.-南京:东南大学出版社,2012.01
    195页:图;24cm.-(当代城市设计理论与实践丛书;4)
    城市世纪文库.-江苏省住房与城乡建设厅科技资助项目
    
    ISBN 978-7-5641-3007-7:CNY39.00
    本书共分为3部分。第1部分针对公共空间立体化,以及结合轨道交通开发的趋势进行探讨。第2部分探讨以轨道站为核心的立体化公共空间体系如何于城市中建立、如何建构与运作,如何通过轨道站开发与城市空间形成联系及讨论体系建构与运作。第3部分着重探讨体系与城市空间的关系,包括体系与城市空间布局形成关联性、体系整合城市要素的分析等方面,并以此总结出我国城市建立城市立体化发展与轨道交通时的发展方向。
●
相关链接 在E读中查询图书 在五车中查询图书 在当当中查询图书 在豆瓣中查询图书


正题名:城市立体化发展与轨道交通     索取号:U239.5/213         预约/预借

序号 登录号 条形码 馆藏地/架位号 状态 备注
1 542006   205420061   第二样本阅览室/ [索取号:U239.5/213] 在馆    
2 542007   205420070   第三借阅区/ [索取号:U239.5/213] 在馆    
3 542008   205420089   第三借阅区/ [索取号:U239.5/213] 在馆    
4 542009   205420098   第三借阅区/ [索取号:U239.5/213] 在馆    
5 542010   205420105   第三借阅区/ [索取号:U239.5/213] 在馆    
唐山师范学院图书馆 欢迎您!
大连网信软件有限公司© 版权所有